| 000 | 01189cam a2200301 a 4500 | ||
|---|---|---|---|
| 003 | MX-MxUPN | ||
| 005 | 20260328064229.0 | ||
| 008 | 120810s2011 mx o r 000 0 spa d | ||
| 020 | _a9786074775068 (UAM) | ||
| 020 | _a9786074861327 (CIESAS) | ||
| 035 | _aUPN01000186128 | ||
| 040 |
_aMX-MxUPN _bspa |
||
| 041 | _aspa | ||
| 050 | 4 |
_aF1256 _bL8.2 |
|
| 245 | 0 | 0 |
_aLuchas "muy otras" : _bZapatismo y autonomía en las comunidades indígenas de Chiapas |
| 250 | _aPrimera edición | ||
| 260 |
_aMéxico, D.F. : _bCentro de Investigaciones y Estudios Superiores en Antropología Social : _bUniversidad Autónoma Metropolitana, Unidad Xochimilco |
||
| 260 |
_aSan Cristóbal de las Casas Chiapas : _bUniversidad Autónoma de Chiapas , _c2011 |
||
| 300 |
_a577 páginas : _bfotografías |
||
| 490 | 0 | _aColección Teoría y análisis | |
| 610 | 2 | 4 |
_aEjército Zapatista de Liberación Nacional (México) _96134 |
| 650 | 4 |
_aEducación primaria _zChiapas _918487 |
|
| 650 | 2 |
_aAutonomía _93054 |
|
| 651 | 4 |
_aChiapas _xHistoria _yLevantamiento campesino, 1994 _96135 |
|
| 700 | 1 |
_aBaronnet, Bruno _4coordinación _950709 |
|
| 902 | _bVíctorGodínez/270326 | ||
| 942 |
_2lcc _cLIBRO |
||
| 999 |
_c158231 _d158231 |
||